000 00619nam a2200217Ii 4500
003 JO-AjNU
008 230605s9999||||xx |||||||||||||| ||und||
017 _a2007/5/1420
040 _aJO-AjNU
_bara
_erda
_cJO-AjNU
041 _aara
050 1 4 _aPJ7860 2007
100 3 _aتأليف المومني، هيثم علي,
_eauthor
_942715
245 0 0 _aإرهابية: شعر
250 _aط1
264 3 1 _aعمان:المؤلف،2007
300 _a96ص
336 _atext
_btxt
_2rdacontent
337 _aunmediated
_bn
_2rdamedia
338 _avolume
_bnc
_2rdacarrier
650 4 _aالشعر العربي
_942716
999 _aA18311
_c21879
_d21879